000 nam a22 4500
999 _c9188
_d9188
008 180417b ||||| |||| 00| 0 eng d
245 _aQuake concerns heigten.
260 _aPhilippines
_bManila Bulletin
_cc2016
300 _apage B-5.
650 0 _927419
_aNatural disasters.
942 _2ddc
_cPER